000 00326nam a22001457a 4500
008 210519b ||||| |||| 00| 0 eng d
020 _a0029005906
041 _aeng
080 _a33
082 _a33
100 _a58
101 _aBIZ
245 _aDictionary of Business and Economics
_cChristine Ammer
942 _2udc
_cBK
999 _c57527
_d57527